Guías de Auditoria para Evaluaciones Fiscales en Empresas comerciales e industriales (Record no. 13458)

MARC details
000 -LEADER
campo de control de longitud fija 00438nam a2200145Ia 4500
005 - FECHA Y HORA DE LA ÚLTIMA TRANSACCIÓN
campo de control 20251222143211.0
008 - DATOS DE LONGITUD FIJA--INFORMACIÓN GENERAL
campo de control de longitud fija 251222s9999||||xx |||||||||||||| ||spa||
020 ## - NÚMERO INTERNACIONAL ESTÁNDAR DEL LIBRO
Número Internacional Estándar del Libro 970-665-272-8
082 ## - NÚMERO DE LA CLASIFICACIÓN DECIMAL DEWEY
Número de clasificación 657.45/T79
100 ## - ENTRADA PRINCIPAL--NOMBRE DE PERSONA
Nombre de persona Trejo Caballero, Juana
245 #0 - MENCIÓN DEL TÍTULO
Título Guías de Auditoria para Evaluaciones Fiscales en Empresas comerciales e industriales
250 ## - MENCION DE EDICION
Mención de edición 12a.ed.
264 ## - PRODUCCIÓN, PUBLICACIÓN, DISTRIBUCIÓN, FABRICACIÓN Y COPYRIGHT
Nombre del de productor, editor, distribuidor, fabricante Instituto Mexicano de Contadores Públicos
942 ## - ELEMENTOS DE ENTRADA SECUNDARIOS (KOHA)
Tipo de ítem Koha Libros
Holdings
Estatus retirado Estado de pérdida Estado de daño No para préstamo Biblioteca de origen Biblioteca actual Ubicación en estantería Fecha de adquisición Total de préstamos Signatura topográfica completa Código de barras Visto por última vez Precio de reemplazo Tipo de ítem Koha
        Biblioteca Central Biblioteca Central Programa 22/12/2025   657.45/T79 0018082 22/12/2025 22/12/2025 Libros